000 00676nam a2200193 a 4500
001 000034836
005 20260213092102.0
008 111020s1975 ag 000 0 spa d
040 _aDO-SdBNP
_bspa
_cBNPHU
082 _a294.3927
_bW348f
100 1 _aWatts, Alan W.
_960361
240 1 0 _aThis is it
_lEspañol
245 1 0 _aFormas del zen :
_by otros ensayos sobre el zen y la experiencia espiritual /
_cAlan W. Watts , traducción Zohar Ramón Del Campo.
260 _aBuenos Aires, Argentina :
_bDedalo,
_c1975.
300 _a155 p. ;
_c20 cm.
650 0 _aBudismo (Zen)
_911165
650 4 _aFilosofía y religión
_945620
700 1 2 _aCampo, Zohar Ramón del,
_etr.
_960362
999 _c34327
_d34327